Motivační programy a jejich využití v rámci CRM

Prečo aplikovať motivačný program. Ciele motivačného programu. Realizácia motivačného programu. Fázy vytvárania motivačného programu. Princípy motivačného programu. Rozdelenie portálu. Bonus pre registrovaných zákazníkov a partnerov. Schéma registrácie zákazníka.

Uložené v:
Podrobná bibliografia
Hlavný autor: Ježek, Petr
Médium: Kapitola
Jazyk:Czech
Predmet:
Tagy: Pridať tag
Žiadne tagy, Buďte prvý, kto otaguje tento záznam!

MARC

LEADER 00000naa$a2200000$$$4500
001 0077363
005 20231019093117.8
041 0 |a cze 
044 |a CZ 
245 1 0 |a Motivační programy a jejich využití v rámci CRM  |c Petr Ježek 
520 |a Prečo aplikovať motivačný program. Ciele motivačného programu. Realizácia motivačného programu. Fázy vytvárania motivačného programu. Princípy motivačného programu. Rozdelenie portálu. Bonus pre registrovaných zákazníkov a partnerov. Schéma registrácie zákazníka. 
610 2 0 |a marketing 
610 2 0 |a obchod 
610 2 0 |a predaj 
610 2 0 |a predajcovia 
610 2 0 |a zákazníci 
610 2 0 |a lojálnosť zákazníkov 
610 2 0 |a motivácia 
610 2 0 |a internet 
610 2 0 |a registrácia 
610 2 0 |a súťaže 
610 2 0 |a starostlivosť o zákazníkov 
100 1 |a Ježek, Petr